Statistics for French Foreign Legion

Click here to take the quiz!

General Stats

  • This quiz has been taken 40 times
  • The average score is 6 of 15

Answer Stats

HintAnswer% Correct
What is the minimum Legion contract5 years
81%
What color is a Legionnaires beret?Green
81%
What is the name of the hat worn by Legionnaires?Kepi
63%
Where was the battle of Camerone fought?Mexico
56%
What make is the Legion's primary weapon?FAMAS
44%
Where is the Legion's headquarters?Aubagne
38%
What famous battle is celebrated every year?Camerone
38%
What year was the Legion created?1831
31%
Who created itKing Louis Philippe
31%
How long is basic training?4 months
25%
What is the approximate strength of the Legion8000
25%
Where is the Legion's Parachute Regiment stationed?Calvi
25%
Capitaine ___________ had the wooden hand?Danjou
19%
What is the name of the song sung by all Legionnaires?Le Boudin
19%
Where is basic training conducted?Castelnaudary
6%

Score Distribution

Percentile by Number Answered

Percent of People with Each Score

Your Score History

You have not taken this quiz